000
00314nam a2200133Ia 4500
008
190216s9999||||xx |||||||||||||| ||und||
100
_a
Sinha H C
245
0
_a
Three Dimensional Differential Geometry
250
_a
1981st Ed.
260
_b
S Chand & Co
300
_a
402p
650
_a
Mathematics
942
_c
BK
999
_c
30837
_d
30837